Happiest Cities in the World - Statistics

General Stats
  • This quiz has been taken 45 times
  • The average score is 9 of 10
Answer Stats
Hint Answer % Correct
The Netherlands Amsterdam
98%
Finland Helsinki
98%
Sweden Stockholm
98%
New Zealand Auckland
93%
Denmark Copenhagen
93%
Australia Melbourne
93%
Canada Vancouver
93%
Iceland Reykjavik
91%
Norway Bergen
68%
Switzerland Basel
55%
No matching quizzes found
Score Distribution
Percent of People with Each Score
Percentile by Number Answered
Your Score History
You have not taken this quiz